Beteiligungen. Management-Rechnungslegung : Moderne Betriebswirtschaft. Band 1 /
Salvato in:
| Autore principale: | |
|---|---|
| Natura: | Libro |
| Lingua: | tedesco |
| Pubblicazione: |
Wien :
Industrieverlag Peter Linde,
1990
|
| Soggetti: | |
| Tags: |
Nessun Tag, puoi essere il primo ad aggiungerne!!
|
MARC
| LEADER | 00000nam a22000003a 4500 | ||
|---|---|---|---|
| 001 | stu38436 | ||
| 005 | 20150617225725.3 | ||
| 008 | 921029s1990----au------------------ger-d | ||
| 020 | |a 3-85122-262-8 | ||
| 040 | |a STU |b slo | ||
| 041 | 0 | |a ger | |
| 044 | |a au | ||
| 080 | |a 657 | ||
| 080 | |a 336.763.2 | ||
| 100 | 1 | |a Seicht, Gerhard |4 xxx | |
| 245 | 1 | |a Beteiligungen. Management-Rechnungslegung : |b Moderne Betriebswirtschaft. Band 1 / |c Gerhard Seicht a kol | |
| 260 | |a Wien : |b Industrieverlag Peter Linde, |c 1990 | ||
| 300 | |a 192 s | ||
| 650 | 7 | |a účtovníctvo |2 stusub | |
| 650 | 7 | |a Účastiny |2 stusub | |
| 996 | |b 284M023089 |c M*8139-1 |l MMKN |s A |a 24 |w stu38436_0001 | ||